000 00645nam a2200229Ia 4500
001 446
003 GE_BSU
008 181216s||||||||xx |||||||||||||| ||und||
040 _cGE_BSU
080 _a821.353.1
100 _aგორგილაძე, მიხეილ
245 _aდაუნდობელი წუთისოფელი
245 _bრომანი
260 _aბათუმი
260 _b,,აჭარა''
260 _c1999
300 _a337 გვ.
541 _h10 ლ.
653 _aდაუნდობელი წუთისოფელი
653 _aრომანი
942 _cBK
999 _c34667
_d34667